Giáo trình phương trình đạo hàm riêng

TO Phương trình đạo hàm riêng

সংরক্ষণ করুন:
গ্রন্থ-পঞ্জীর বিবরন
প্রধান লেখক: Nguyễn, Thừa Hợp
বিন্যাস: গ্রন্থ
ভাষা:Undetermined
প্রকাশিত: H. Đại học Quốc gia Hà Nội 2006
বিষয়গুলি:
অনলাইন ব্যবহার করুন:http://lrc.tdmu.edu.vn/opac/search/detail.asp?aID=2&ID=3430
ট্যাগগুলো: ট্যাগ যুক্ত করুন
কোনো ট্যাগ নেই, প্রথমজন হিসাবে ট্যাগ করুন!
Thư viện lưu trữ: Trung tâm Học liệu Trường Đại học Thủ Dầu Một
LEADER 00743nam a2200205Ia 4500
001 TDMU_3430
008 210410s9999 xx 000 0 und d
082 |a 515.01 
090 |b N4994 
100 |a Nguyễn, Thừa Hợp 
245 0 |a Giáo trình phương trình đạo hàm riêng 
245 0 |c Nguyễn Thừa Hợp 
260 |a H. 
260 |b Đại học Quốc gia Hà Nội 
260 |c 2006 
300 |a 435tr. 
520 |a TO Phương trình đạo hàm riêng 
650 |a Phương trình đạo hàm riêng; phương trình tuyến tính 
856 |u http://lrc.tdmu.edu.vn/opac/search/detail.asp?aID=2&ID=3430 
980 |a Trung tâm Học liệu Trường Đại học Thủ Dầu Một